00700nam a2200193 a 4500003000200000005001700002008004100019050003100060100001900091245009900110260009200209300003900301504004100340650001600381650002400397650002500421650003800446650002200484020250529163340.0021125s19uu xx 00 eng d aPGS BL 1923.F4b.H997 2000 aHyo, Eun Yang. aThe perception of Southville International School faculty member on Feng Shui /cEun Yang Hyo. aLas Piñas City, Philippines : bSouthville International School and Colleges,c2000. aUnpaged :billustrations ;c28 cm. aIncludes bibliographical references. aFeng shui.  aBelief and doubt.  aTeachersvAttitudes. aEducational personnelvAttitudes. aCultural beliefs.